<?xml version="1.0" encoding="UTF-8"?>
<collection xmlns="http://www.loc.gov/MARC21/slim">
 <record>
  <leader>04219nam a22004455i 4500</leader>
  <controlfield tag="001">978-1-4302-6263-3</controlfield>
  <controlfield tag="003">DE-He213</controlfield>
  <controlfield tag="005">20210617135440.0</controlfield>
  <controlfield tag="007">cr nn 008mamaa</controlfield>
  <controlfield tag="008">140228s2014    xxu|    s    |||| 0|eng d</controlfield>
  <datafield tag="020" ind1=" " ind2=" ">
   <subfield code="a">9781430262633</subfield>
   <subfield code="9">978-1-4302-6263-3</subfield>
  </datafield>
  <datafield tag="024" ind1="7" ind2=" ">
   <subfield code="a">10.1007/978-1-4302-6263-3</subfield>
   <subfield code="2">doi</subfield>
  </datafield>
  <datafield tag="050" ind1=" " ind2="4">
   <subfield code="a">QA76.76.A65</subfield>
  </datafield>
  <datafield tag="072" ind1=" " ind2="7">
   <subfield code="a">UB</subfield>
   <subfield code="2">bicssc</subfield>
  </datafield>
  <datafield tag="072" ind1=" " ind2="7">
   <subfield code="a">COM018000</subfield>
   <subfield code="2">bisacsh</subfield>
  </datafield>
  <datafield tag="072" ind1=" " ind2="7">
   <subfield code="a">UB</subfield>
   <subfield code="2">thema</subfield>
  </datafield>
  <datafield tag="082" ind1="0" ind2="4">
   <subfield code="a">004</subfield>
   <subfield code="2">23</subfield>
  </datafield>
  <datafield tag="100" ind1="1" ind2=" ">
   <subfield code="a">Havard, Tim M.</subfield>
   <subfield code="e">author.</subfield>
   <subfield code="4">aut</subfield>
   <subfield code="4">http://id.loc.gov/vocabulary/relators/aut</subfield>
  </datafield>
  <datafield tag="245" ind1="1" ind2="0">
   <subfield code="a">Argus Developer in Practice</subfield>
   <subfield code="h">[electronic resource] :</subfield>
   <subfield code="b">Real Estate Development Modeling in the Real World /</subfield>
   <subfield code="c">by Tim M. Havard.</subfield>
  </datafield>
  <datafield tag="250" ind1=" " ind2=" ">
   <subfield code="a">1st ed. 2014.</subfield>
  </datafield>
  <datafield tag="264" ind1=" " ind2="1">
   <subfield code="a">Berkeley, CA :</subfield>
   <subfield code="b">Apress :</subfield>
   <subfield code="b">Imprint: Apress,</subfield>
   <subfield code="c">2014.</subfield>
  </datafield>
  <datafield tag="300" ind1=" " ind2=" ">
   <subfield code="a">IX, 260 p. 289 illus.</subfield>
   <subfield code="b">online resource.</subfield>
  </datafield>
  <datafield tag="336" ind1=" " ind2=" ">
   <subfield code="a">text</subfield>
   <subfield code="b">txt</subfield>
   <subfield code="2">rdacontent</subfield>
  </datafield>
  <datafield tag="337" ind1=" " ind2=" ">
   <subfield code="a">computer</subfield>
   <subfield code="b">c</subfield>
   <subfield code="2">rdamedia</subfield>
  </datafield>
  <datafield tag="338" ind1=" " ind2=" ">
   <subfield code="a">online resource</subfield>
   <subfield code="b">cr</subfield>
   <subfield code="2">rdacarrier</subfield>
  </datafield>
  <datafield tag="347" ind1=" " ind2=" ">
   <subfield code="a">text file</subfield>
   <subfield code="b">PDF</subfield>
   <subfield code="2">rda</subfield>
  </datafield>
  <datafield tag="520" ind1=" " ind2=" ">
   <subfield code="a">This book is a practical guide to using Argus Developer, the world’s most widely used real estate development feasibility modeling software. Using practical examples and many case studies, it takes readers beyond basic training and provides the in-depth knowledge required to analyze potential real estate deals and help ensure a profitable development. Argus Developer in Practice fills an important gap in the market. Argus Developer, and its predecessor Circle Developer, has long had a dominant position as the primary real estate development appraisal tool. It is used all over the world on a variety of projects ranging from simple residential projects to huge and complex master planned, mixed-use, commercial, residential, and leisure projects. It also shines when used to appraise &quot;refurbs&quot;—taking an existing building or complex and upgrading it or turning it into something entirely different. Argus Developer in Practice,the first book that concentrates on the practical application and use of the program, goes beyond the manual that comes with it by taking you through the development/project appraisal process step by step. In addition, author Tim Havard has over 25 years of experience in carrying out development appraisals both in practice and in teaching at the postgraduate level in UK and Australian universities. He started using the DOS version of Circle Developer in 1990, then worked for both Circle and Argus training clients on the software in the UK, continental Europe, and the Middle East. Besides showing you how to use the program, Havard shows you how to think like a successful real estate developer. Using an extensive array of screenshots, Argus Developer in Practice delves deeply into practical use of the program by offering case studies of varying complexity that will help real estate professionals not just analyze development projects but also learn how the best minds in real estate analyze a project’s potential. You will learn: How to model both simple projects and complex mixed-use and multi-phased investment schemes How to model new uses for existing properties How to think through real estate project problems How to analyze a potential development project in depth By using the program efficiently and making use of its more advanced features, you can help ensure a profitable project without the surprises that accompany most real estate ventures. Argus Developer in Practice therefore provides something priceless—peace of mind.</subfield>
  </datafield>
  <datafield tag="650" ind1=" " ind2="0">
   <subfield code="a">Application software.</subfield>
  </datafield>
  <datafield tag="650" ind1=" " ind2="0">
   <subfield code="a">Computer industry.</subfield>
  </datafield>
  <datafield tag="650" ind1="1" ind2="4">
   <subfield code="a">Computer Applications.</subfield>
   <subfield code="0">https://scigraph.springernature.com/ontologies/product-market-codes/I23001</subfield>
  </datafield>
  <datafield tag="650" ind1="2" ind2="4">
   <subfield code="a">The Computer Industry.</subfield>
   <subfield code="0">https://scigraph.springernature.com/ontologies/product-market-codes/I24016</subfield>
  </datafield>
  <datafield tag="710" ind1="2" ind2=" ">
   <subfield code="a">SpringerLink (Online service)</subfield>
  </datafield>
  <datafield tag="773" ind1="0" ind2=" ">
   <subfield code="t">Springer Nature eBook</subfield>
  </datafield>
  <datafield tag="776" ind1="0" ind2="8">
   <subfield code="i">Printed edition:</subfield>
   <subfield code="z">9781430262626</subfield>
  </datafield>
  <datafield tag="776" ind1="0" ind2="8">
   <subfield code="i">Printed edition:</subfield>
   <subfield code="z">9781430262640</subfield>
  </datafield>
  <datafield tag="856" ind1="4" ind2="0">
   <subfield code="u">https://doi.org/10.1007/978-1-4302-6263-3</subfield>
  </datafield>
  <datafield tag="912" ind1=" " ind2=" ">
   <subfield code="a">ZDB-2-CWD</subfield>
  </datafield>
  <datafield tag="912" ind1=" " ind2=" ">
   <subfield code="a">ZDB-2-SXPC</subfield>
  </datafield>
  <datafield tag="950" ind1=" " ind2=" ">
   <subfield code="a">Professional and Applied Computing (SpringerNature-12059)</subfield>
  </datafield>
  <datafield tag="950" ind1=" " ind2=" ">
   <subfield code="a">Professional and Applied Computing (R0) (SpringerNature-43716)</subfield>
  </datafield>
 </record>
</collection>
